| 000 | 03026nam a2200361 c 4500 | ||
|---|---|---|---|
| 003 | BLK | ||
| 005 | 20180422095412.0 | ||
| 008 | 180413b bul|||||r ||||||| ||bul|| | ||
| 010 | _aKNG00025590000 | ||
| 040 | _aBLK | ||
| 041 |
_aDEU _cBUL |
||
| 072 | 7 |
_2bullib _aЛ08 _xЛечебни масажни техники, кинезитерапия |
|
| 080 |
_aРефлексотерапия. Масажи и механотерапия - Ритмичен и вибрационен масаж, термомасаж, електромасаж _b615.82 _x _z615.82 |
||
| 100 | 1 |
_aХилебрехт, Майтри _eпърви автор _9137005 |
|
| 700 | 1 |
_aПенева, Ваня _eпрев. от нем. _9363385 |
|
| 139 |
_aХилебрехт, Майтри _bХ 49 |
||
| 245 | 1 | 0 |
_aАкупресура _bПът към доброто здраве _cМайтри Хилебрехт; прев. от нем. Ваня Пенева. |
| 257 | _aDEU | ||
| 260 |
_аСофия _bЕмас _c1998 |
||
| 300 |
_a239 с. _bс ил. _c19 см |
||
| 380 | _a61 | ||
| 490 | 1 | _aКниги за здравето | |
| 500 | _aДеп. списък: покупка. | ||
| 520 | _aАкупресурата или китайският точков масаж е една от древните тайни на Изтока, която бе разкрита на Западната цивилизация и добива все по-голяма популярност като начин на лечение без страничните ефекти на химията. Авторката на настоящата книга, Майтри Хилебрехт, практикува от близо 20 години акупресура на остров Майорка. Нагледно и достъпно за европееца тя: - описва разположението на акупресурните точки в човешкото тяло - свързва всяка точка с болестите, които се лекуват чрез нейното стимулиране - разкрива връзките с други точки - запознава с чакрите - представя различните техники на масаж. С помощта на подробния списък на заболяванията и съответните им точки всеки читател може веднага да намери търсената точка. Акупресура на Майтри Хилебрехт е изключително точен и достъпен наръчник за лечение на редица заболявания, написан от практикуващ лечител с богат опит. | ||
| 650 | 4 |
_aМасаж, източен _9266883 |
|
| 653 | _aакупресура | ||
| 659 | _aЛ | ||
| 852 | _aЦб 198801 | ||
| 856 | 4 |
_qpdf _u |
|
| 856 | 4 |
_qpdf _u |
|
| 942 |
_cKNG _n0 |
||
| 944 |
_aCR _c15.01.2003 _kКети_Илиева |
||
| 944 |
_aED _c22.12.2016 _kСечил_Томаш |
||
| 999 |
_c23117 _d23117 |
||